[Event "Berlin op 07"]
[Site "Berlin"]
[Date "2006.07.15"]
[Round "8"]
[White "Waldmann, Hans Joachim"]
[Black "Sechting, Martin"]
[Result "1-0"]
[WhiteElo "2329"]
[BlackElo "2107"]
[PlyCount "61"]
[EventDate "2006.07.08"]
[EventType "swiss"]
[EventRounds "9"]
[EventCountry "GER"]
[SourceTitle "CBM 113 Extra"]
[Source "ChessBase"]
[SourceDate "2006.09.14"]
[SourceVersion "1"]
[SourceVersionDate "2006.09.14"]
[SourceQuality "1"]

1. Nf3 c5 2. g3 Nc6 3. Bg2 Nf6 4. 0-0 d5 5. d3 e6 6. Nbd2 Bd6 7. e4 0-0 8. Re1 Qc7 9. c3 Ng4 10. d4 cxd4 11. cxd4 e5 12. exd5 Nb4 13. Ne4 Nc2 14. Re2 Nxa1 15. Nxd6 Qxd6 16. dxe5 Qc5 17. Bf4 Rd8 18. d6 Be6 19. Qxa1 Qc4 20. Qd1 Qxa2 21. Nd4 Qa6 22. Nxe6 fxe6 23. Bh3 h5 24. f3 Qb6+ 25. Kg2 Qc6 26. Qb3 Rac8 27. Qxe6+ Kh8 28. Qf7 Qc4 29. Qxc4 Ne3+ 30. Bxe3 Rxc4 31. Bg5 1-0